[Event "ZN-2015-0-02982"]
[Site "LSS email"]
[Date "2015.02.02"]
[Round "?"]
[White "Cachafeiro, Hernan"]
[Black "Guaimare Rodriguez, Carlos Luis"]
[Result "0-1"]
[WhiteElo "800"]
[BlackElo "1089"]
[PlyCount "22"]
[EventDate "2015.01.29"]
[EventType "match (corr)"]
[EventRounds "2"]
[EventCountry "GER"]
[SourceTitle "Corr 2022"]
[Source "ChessBase"]
[SourceDate "2021.10.24"]
[SourceVersion "1"]
[SourceVersionDate "2021.10.24"]
[SourceQuality "1"]

1. e4 e5 2. Nc3 Nf6 3. Nf3 Nc6 4. Bb5 Bb4 5. 0-0 0-0 6. Bxc6 bxc6 7. Nxe5 Bxc3 8. dxc3 Nxe4 9. Re1 Nf6 10. Bg5 h6 11. Bxf6 Qxf6 0-1

[Event "ZN-2014-0-02945"]
[Site "LSS email"]
[Date "2015.01.05"]
[Round "?"]
[White "Venturas, Bob"]
[Black "Cachafeiro, Hernan"]
[Result "0-1"]
[WhiteElo "745"]
[BlackElo "800"]
[PlyCount "54"]
[EventDate "2014.12.31"]
[EventType "match (corr)"]
[EventRounds "2"]
[EventCountry "GER"]
[SourceTitle "Corr 2015"]
[Source "ChessBase"]
[SourceDate "2015.07.17"]
[SourceVersion "1"]
[SourceVersionDate "2015.07.17"]
[SourceQuality "1"]

1. e4 e5 2. Nf3 Nc6 3. Bc4 Bc5 4. d3 Nf6 5. a3 d5 6. Ba2 dxe4 7. Ng5 0-0 8. 0-0 Bg4 9. Qd2 exd3 10. cxd3 Bf5 11. Nc3 Qxd3 12. Nf3 Rad8 13. Rd1 Qa6 14. Qe1 Rxd1 15. Qxd1 Ng4 16. Be3 Nxe3 17. fxe3 Bxe3+ 18. Kh1 Bg4 19. h3 Bh5 20. Nd5 Bb6 21. Nb4 Nxb4 22. axb4 Qb5 23. Qb3 e4 24. Nd2 Qe2 25. Nc4 Bf3 26. gxf3 exf3 27. Nxb6 Qg2# 0-1

[Event "OP-2014-0-03593"]
[Site "LSS email"]
[Date "2014.12.22"]
[Round "?"]
[White "Cachafeiro, Hernan"]
[Black "Buecker, Juergen"]
[Result "0-1"]
[WhiteElo "800"]
[BlackElo "2796"]
[PlyCount "64"]
[EventDate "2014.12.18"]
[EventType "tourn (corr)"]
[EventRounds "4"]
[EventCountry "GER"]
[SourceTitle "Corr 2015"]
[Source "ChessBase"]
[SourceDate "2015.07.17"]
[SourceVersion "1"]
[SourceVersionDate "2015.07.17"]
[SourceQuality "1"]

1. e4 e5 2. Nf3 Nc6 3. Bb5 a6 4. Bxc6 dxc6 5. 0-0 Qd6 6. Na3 Be6 7. Qe2 f6 8. Rd1 Bg4 9. h3 Bh5 10. g4 Bg6 11. d3 0-0-0 12. Nc4 Qe6 13. b3 h5 14. g5 Qxh3 15. Nh2 Qe6 16. Rf1 Kb8 17. f4 exf4 18. Bxf4 fxg5 19. Bxg5 Nf6 20. Nf3 h4 21. Nce5 Bh5 22. Bxh4 Bc5+ 23. Kg2 Bxf3+ 24. Qxf3 Rxh4 25. Rh1 Qxe5 26. Rxh4 Qxa1 27. Rh1 Qc3 28. Qe2 Qe5 29. Rh4 Nd5 30. Qe1 g5 31. a4 gxh4 32. Kh1 Qf4 0-1

[Event "OP-2014-0-03593"]
[Site "LSS email"]
[Date "2014.12.22"]
[Round "?"]
[White "Rocek, Vladimir"]
[Black "Cachafeiro, Hernan"]
[Result "1-0"]
[WhiteElo "1033"]
[BlackElo "800"]
[PlyCount "47"]
[EventDate "2014.12.18"]
[EventType "tourn (corr)"]
[EventRounds "4"]
[EventCountry "GER"]
[SourceTitle "Corr 2015"]
[Source "ChessBase"]
[SourceDate "2015.07.17"]
[SourceVersion "1"]
[SourceVersionDate "2015.07.17"]
[SourceQuality "1"]

1. e4 c5 2. c3 a6 3. d4 cxd4 4. cxd4 e6 5. Nc3 Bb4 6. a3 Bxc3+ 7. bxc3 Nf6 8. Bg5 Qa5 9. Bxf6 Qxc3+ 10. Ke2 gxf6 11. Rc1 Qb2+ 12. Rc2 Qb5+ 13. Kf3 Qh5+ 14. g4 Qa5 15. Rxc8+ Ke7 16. Rxh8 Qxa3+ 17. Qd3 Qxd3+ 18. Bxd3 a5 19. Ne2 a4 20. Ra1 a3 21. Nc3 Kd6 22. Nb5+ Kc6 23. Nxa3 Kc7 24. Nb5+ 1-0